Statistics for 2024 English Premier League Teams by Logo

Click here to take the quiz!

General Stats

  • This quiz has been taken 179 times
  • The average score is 17 of 20

Answer Stats

Answer% Correct
Arsenal
100%
Manchester United
99%
Liverpool
98%
Manchester City
98%
Newcastle United
95%
West Ham United
95%
Tottenham Hotspur
94%
Chelsea
93%
Wolverhampton Wanderers
88%
Everton
86%
Crystal Palace
84%
Brighton & Hove Albion
82%
Nottingham Forest
82%
Fulham
81%
Aston Villa
78%
Sheffield United
73%
Bournemouth
72%
Burnley
68%
Luton Town
68%
Brentford
66%

Score Distribution

Percentile by Number Answered

Percent of People with Each Score

Your Score History

You have not taken this quiz